01044nam a2200157 a 4500008004100000020001800041041000800059100001700067245003500084250004700119260003100166300001100197500006700208505059600275655001500871190917t2014 sp |||g |||| 001 0 spa d a9789874578006 aspa1 aYancey, Rick 3aEl mar infinito /cRick Yancey a1a ed.bTraducción Pilar Ramírez Tello aBuenos Aires:bRBA;c2014. a314 p. aYancey, R. (2014). El mar infinito. (1a ed.). Barcelona : RBA. aCassie Sullivan y sus compañeros han sobrevivido a las cuatro olas de destrucción de los Otros. Ahora, con la raza humana prácticamente exterminada y la quinta ola arrasándolo todo, se enfrentan a una elección: esperar a Evan Walker o huir en búsqueda de otros supervivientes antes de que el enemigo los alcance. Consumidos, pero no derrotados. Acosados, pero no sometidos. Esta guerra ha dejado de ser de humanos contra alienígenas. Es la lucha de la esperanza contra la desolación. De la fe contra el miedo. Del amor contra el odio. Y la humanidad es el campo de batalla.  aLiteratura